000 00680nam a2200277Ia 4500
005 20260324144752.0
008 008 260324s9999 xx 000 0 eng d
020 _a9781315867267
037 _aEBOOK
040 _aCRL
040 _beng
040 _cCRL
041 _2eng
041 _aeng
084 _qCRL
100 _aT. Lee; Robert Parker
_91220541
245 0 _aTowards a Theory and Practice of Cash Flow Accounting (RLE Accounting)
260 _bTaylor and Francis
260 _c1986
365 _a
365 _b240
856 _uhttp://www.taylorfrancis.com/books/9781315867267
942 _cEBOOK
999 _c1827570
_d1827570